MARC
LEADER
00000nam2a2200000 4500
001
590310
005
20250516150733.0
035
|a (RuTPU)RU\TPU\prd\293074
035
|a RU\TPU\prd\293073
090
|a 590310
100
|a 20230614d2023 k||y0rusy50 ca
101
0
|a rus
102
|a RU
105
|a a z 001yy
135
|a drcn uucaa
181
0
|a i
|b e
182
0
|a b
183
|a cr
|2 RDAcarrier
200
0
|a Т. 93, вып. 6
203
|a Текст
|c электронный
|b визуальный
210
|d 2023
283
|a online_resource
|2 RDAcarrier
320
|a Библиография в конце статей
336
|a Текстовый файл
461
1
|0 379949
|9 379949
|t Журнал технической физики
|l Technical Physics
|f Российская академия наук (РАН), Физико-технический институт им. А. Ф. Иоффе (ФТИ)
|c Санкт-Петербург
|n Наука
|d 1931-
|x 0044-4642
|v Т. 93, вып. 6
801
0
|a RU
|b 63413507
|c 20010227
|g PSBO
801
1
|a RU
|b 63413507
|c 20170127
801
2
|a RU
|b 63413507
|c 20230614
|g RCR
801
2
|a RU
|b 63413507
|c 20250516
|g PSBO
850
|a 63413507
856
4
0
|u http://journals.ioffe.ru/issues/2284
|z http://journals.ioffe.ru/issues/2284
942
|c CF